01580 2200565 4500001002100000008004100021035002000062245007800082100000800160260005900168300001200227020002200239084001600261082000800277650002700285990001800312990002000330990002000350990002000370990002000390990002000410990002000430990002000450990002000470990002000490990002100510990002100531990002100552990002100573990002100594990002100615990002100636990002100657990002100678990002100699990002100720990002100741990002100762990002100783990002100804990002100825990002100846990002100867990002100888990002100909990002100930990002100951990002100972990002100993INLIS000000000000443 ind  a0010-0724000443 aMenjadi Orang Tua Hebat Untuk Keluarga Dengan Anak Usia SMPcSukiman, dkk aTim aJakarta :bKementrian Pendidikan dan Kebudayaan,c2016 a84 hlm. a978-602-427-232-6 a158.2 MEN-1 a158 aHubungan Antar Pribadi aP29/CP/24/443 aP29/CP/24/443.1 aP29/CP/24/443.2 aP29/CP/24/443.3 aP29/CP/24/443.4 aP29/CP/24/443.5 aP29/CP/24/443.6 aP29/CP/24/443.7 aP29/CP/24/443.8 aP29/CP/24/443.9 aP29/CP/24/443.10 aP29/CP/24/443.11 aP29/CP/24/443.12 aP29/CP/24/443.13 aP29/CP/24/443.14 aP29/CP/24/443.15 aP29/CP/24/443.16 aP29/CP/24/443.17 aP29/CP/24/443.18 aP29/CP/24/443.19 aP29/CP/24/443.20 aP29/CP/24/443.21 aP29/CP/24/443.22 aP29/CP/24/443.23 aP29/CP/24/443.24 aP29/CP/24/443.25 aP29/CP/24/443.26 aP29/CP/24/443.27 aP29/CP/24/443.28 aP29/CP/24/443.29 aP29/CP/24/443.30 aP29/CP/24/443.31 aP29/CP/24/443.32 aP29/CP/24/443.33